Catalog

Record Details

Catalog Search



Available copies

  • 1 of 1 copy available at LARL/NWRL Consortium.

Current holds

0 current holds with 1 total copy.

Show Only Available Copies
Location Call Number / Copy Notes Barcode Shelving Location Status Due Date
Godel Memorial-Warren Library j KIM (Text) 35500003550611 Main Available -

Record details

  • ISBN: 0064408949 (pbk.)
  • Physical Description: 182 p. : ill., map ; 20 cm.
  • Edition: 1st HarperTrophy ed.
  • Publisher: New York : HarperTrophy ; 2004.

Content descriptions

General Note:
Originally published: New York : HarperCollins, 2001.
Summary, etc.:
After the death of his brother, eight-year-old ... Read More
Subject: Buffalo Bill, 1846-1917 > Childhood and youth > Fiction.
Frontier and pioneer life > Kansas > Fiction.
Kansas > History > 1854-1861 > Fiction.
Buffalo Bill, 1846-1917 > Childhood and youth > Juvenile fiction.
Frontier and pioneer life > Kansas > Juvenile fiction.
Kansas > History > 1854-1861 > Juvenile fiction.
LDR 01455cam a2200313Ia 4500
00156114
003LARL_NWRL_CONSORTIUM
00520050202154039.0
008040205r20042001nyuab j 000 1 eng d
020 . ‡a0064408949 (pbk.)
035 . ‡a(OCoLC)54357136
043 . ‡an-us-ks
1001 . ‡aKimmel, Elizabeth Cody. ‡0(LARL_NWRL_CONSORTIUM)123717
24510. ‡aTo the frontier ‡n#1/ ‡cby E. Cody Kimmel ; illustrated by Scott Snow.
250 . ‡a1st HarperTrophy ed.
260 . ‡aNew York : ‡bHarperTrophy ; ‡a[Milwaukee, Wis.] : ‡bPenworthy [distributor], ‡c2004.
300 . ‡a182 p. : ‡bill., map ; ‡c20 cm.
4900 . ‡aAdventures of young Buffalo Bill ; ‡v1
500 . ‡aOriginally published: New York : HarperCollins, 2001.
520 . ‡aAfter the death of his brother, eight-year-old Bill Cody and his family set out from Iowa to make a new home for themselves in the volatile Kansas Territory.
60001. ‡aBuffalo Bill, ‡d1846-1917 ‡xChildhood and youth ‡vFiction.
650 1. ‡aFrontier and pioneer life ‡zKansas ‡vFiction.
651 1. ‡aKansas ‡xHistory ‡y1854-1861 ‡vFiction.
60000. ‡aBuffalo Bill, ‡d1846-1917 ‡xChildhood and youth ‡vJuvenile fiction.
650 0. ‡aFrontier and pioneer life ‡zKansas ‡vJuvenile fiction.
651 0. ‡aKansas ‡xHistory ‡y1854-1861 ‡vJuvenile fiction.
901 . ‡a56114 ‡bOCLC ‡c56114 ‡tbiblio

Additional Resources